Giro d'Italia Winners Quiz Stats

 Plays Quiz Updated Jun 20, 2018

Challenge
Share
Tweet
Embed
Score 0/73 Timer 10:00
6 Plays Today
Year Winner % Correct
2018Chris Froome
80.6%
2008Alberto Contador
66.9%
1968Eddy Merckx
64.4%
1970Eddy Merckx
64.4%
1972Eddy Merckx
64.4%
1973Eddy Merckx
64.4%
1974Eddy Merckx
64.4%
1992Miguel Indurain
58.5%
1993Miguel Indurain
58.5%
2015Alberto Contador
56.8%
2013Vincenzo Nibali
55.8%
1947Fausto Coppi
55%
1949Fausto Coppi
55%
1952Fausto Coppi
55%
1953Fausto Coppi
55%
1980Bernard Hinault
53.4%
1982Bernard Hinault
53.4%
1985Bernard Hinault
53.4%
1998Marco Pantani
52.2%
2016Vincenzo Nibali
51.4%
2006Ivan Basso
47.2%
2014Nairo Quintana
47.2%
1987Stephen Roche
44.6%
2017Tom Dumoulin
44.5%
2009Denis Menchov
44.2%
1960Jacques Anquetil
40.1%
1964Jacques Anquetil
40.1%
1946Gino Bartali
39.6%
1989Laurent Fignon
39%
2001Gilberto Simoni
38.4%
2003Gilberto Simoni
38.4%
2010Ivan Basso
38.1%
2012Ryder Hesjedal
37.6%
2004Damiano Cunego
37.2%
2007Danilo Di Luca
36.2%
1956Charly Gaul
35.1%
1959Charly Gaul
35.1%
Year Winner % Correct
2002Paolo Savoldelli
34.5%
2005Paolo Savoldelli
34.5%
1995Tony Rominger
33.7%
2011Michele Scarponi
32.8%
1967Felice Gimondi
30.6%
1969Felice Gimondi
30.6%
1976Felice Gimondi
30.6%
2000Stefano Garzelli
28.7%
1996Pavel Tonkov
28.7%
1997Ivan Gotti
27%
1999Ivan Gotti
27%
1950Hugo Koblet
26.2%
1990Gianni Bugno
26.1%
1994Eugeni Berzin
25.8%
1984Francesco Moser
25.7%
1988Andrew Hampsten
25.2%
1948Fiorenzo Magni
19.7%
1951Fiorenzo Magni
19.7%
1955Fiorenzo Magni
19.7%
1957Gastone Nencini
19.7%
1979Giuseppe Saronni
19.3%
1983Giuseppe Saronni
19.3%
1971Gösta Pettersson
15.9%
1977Michel Pollentier
15.5%
1978Johan de Muynck
15%
1981Giovanni Battaglin
14.8%
1991Franco Chioccioli
13.9%
1986Roberto Visentini
13.7%
1962Franco Balmamion
13.6%
1963Franco Balmamion
13.6%
1966Gianni Motta
13.4%
1965Vittorio Adorni
12.9%
1958Ercole Baldini
12%
1954Carlo Clerici
11.7%
1975Fausto Bertoglio
10.7%
1961Arnaldo Pambianco
10.6%

You're not logged in!

Compare scores with friends on all Sporcle quizzes.
OR
Log In

You Might Also Like...

Show Comments

Extras

Top Quizzes Today


Score Distribution

Your Account Isn't Verified!

In order to create a playlist on Sporcle, you need to verify the email address you used during registration. Go to your Sporcle Settings to finish the process.

Report this User

Report this user for behavior that violates our Community Guidelines.

Details: